| 000 | 01003amm a2200385a 44500 | ||
|---|---|---|---|
| 008 | 000428s2000 cat | ||
| 020 | _a8460700569 | ||
| 041 | _acat | ||
| 041 | _beng | ||
| 041 | _bfre | ||
| 041 | _bspa | ||
| 080 | _a35.073(038) | ||
| 080 | _a657(038) | ||
| 110 |
_aTERMCAT _960609 |
||
| 245 |
_aDiccionari d'auditoria i comptabilitat _h[recurs electrònic] _cTERMCAT, Centre de Terminologia |
||
| 260 |
_aBarcelona _bINK Catalunya _c2000 |
||
| 300 | _a1 CD-ROM | ||
| 500 | _aBibliografia. Índex | ||
| 500 | _aCategoria gramatical, sinònims, sigles, àmbit d'ús, notes | ||
| 500 | _btermcat | ||
| 520 | _a2.001 | ||
| 591 | _aAUDIT | ||
| 592 | _aObra terminològica | ||
| 593 | _aNM | ||
| 593 | _aNMA | ||
| 594 | _a6552 | ||
| 650 |
_aauditoria _967562 |
||
| 650 |
_acomptabilitat _960856 |
||
| 901 | _c<2000> | ||
| 902 | _a000428 | ||
| 942 |
_cMO _n0 _2ddc |
||
| 999 |
_c59000 _d59000 |
||